000 01101nam a22002537a 4500
005 20170124103020.0
010 _aB-002732
020 _c200.00
035 _aB-002732
037 _bCen Lib/Ret
040 _aDPL
_bHN
082 _a
_bमुखोपा
100 _aमुखोपाध्याय, विभूति भूषण
_955176
245 _aसौदामिनी /
_c विभूति भूषण मुखोपाध्याय
246 _aSaudamini /
_bby Vibhuti Bhushan Mukhopadhayay
260 _aनई दिल्ली
_bएस. के. पब्लिशर्स
_c2000
270 _aए-47, अमर कॉलोनी, लाजपत नगर
_bनई दिल्ली
_e110024
300 _a215पृ.
_c21सेमी (सजिल्द )
650 _aहिंदी साहित्य
_x
_z
_9104900
650 _aहिंदी साहित्य--कहानियां
_v
_9104901
650 _aHindi literature
_9104902
650 _aHindi literature--Stories
_9104903
942 _2ddc
_cHN
_h
_mमुखोपा
999 _c115198
_d115198